Cost management / (Record no. 85268)

MARC details
000 -LEADER
fixed length control field 00592nam a22001937a 4500
005 - DATE AND TIME OF LATEST TRANSACTION
control field 20140808122131.0
010 ## - LCCN (DPL NO)
LC control number ENG-110271
020 ## - INTERNATIONAL STANDARD BOOK NUMBER
International Standard Book Number 9789351422372
Terms of availability 298.00
035 ## - SYSTEM CONTROL NUMBER
System control number EN-93803
037 ## - SOURCE OF ACQUISITION
Source of stock number/acquisition DBAD/PUB
082 ## - DEWEY DECIMAL CLASSIFICATION NUMBER
Classification number 658.1552
100 ## - MAIN ENTRY--PERSONAL NAME
Personal name Madegowda, J.
245 ## - TITLE STATEMENT
Title Cost management /
Statement of responsibility, etc by J.Madegowda
260 ## - PUBLICATION, DISTRIBUTION, ETC. (IMPRINT)
Place of publication, distribution, etc Mumbai
Name of publisher, distributor, etc Himalaya Publishing House
Date of publication, distribution, etc 2013
270 ## - ADDRESS
Address Ramdoot, Dr. Bhalerao Marg, Girgaon
City Mumbai
Postal code 400004
300 ## - PHYSICAL DESCRIPTION
Extent 348p.:
Dimensions 24cm(pbk)
Other physical details ill.
500 ## - GENERAL NOTE
General note Includes bibliographical references and index
942 ## - ADDED ENTRY ELEMENTS (KOHA)
Source of classification or shelving scheme Dewey Decimal Classification
Item type English Books
Call number suffix MAD
Classification part 658.1552
Holdings
Withdrawn status Lost status Not for loan Collection code Home library Current library Date acquired Source of acquisition Cost, normal purchase price Full call number Barcode Copy number Cost, replacement price Koha item type
    Not For Loan Non-fiction D.B.Act.Division D.B.Act.Division 26/06/2014 ENG-110271 298.00 658.1552 MAD EN-93803 1 298.00 English Books

© Delhi Public Library
Hit Counter
free hit counter